| 000 | 00728nam a2200205 a 4500 | ||
|---|---|---|---|
| 005 | 20230901063539.0 | ||
| 008 | 060525s1995 ag r 000 0 spa d | ||
| 020 | _a9501602540 | ||
| 035 | _aUPN01000144726 | ||
| 049 | _aCG | ||
| 050 | 4 |
_aB128 K8.374 _bA3.6 |
|
| 245 | 0 | 3 |
_aLa adquisición y el ejercicio del poder : _bel trueno en el cielo / _csobre la tr. inglesa de Thomas Cleary ; tr. Inés Frid. |
| 260 |
_aBuenos Aires : _bEstaciones, _c1995. |
||
| 300 | _a158 p. | ||
| 534 |
_pTítulo original: _tThunder in the sky : on the adquisition and exercise of power |
||
| 600 | 1 | 4 |
_aKENG-SANG, CHU'U. _tTUNG LING CHEN CHING _913902 |
| 650 | 7 |
_aFilosofía china _2 _913903 |
|
| 740 | 3 | _aEl trueno en el cielo | |
| 905 | _aLibro | ||
| 999 |
_c116873 _d116873 |
||